Impuestos (Registro nro. 290)

Detalles MARC
000 -LEADER
fixed length control field 01069 a2200217 4500
001 - CONTROL NUMBER
control field 3191
005 - DATE AND TIME OF LATEST TRANSACTION
control field 20260407155425.0
008 - FIXED-LENGTH DATA ELEMENTS--GENERAL INFORMATION
fixed length control field 260407a2005 arg spa d
003 - CONTROL NUMBER IDENTIFIER
control field AR-UNSa-BCEJYS
040 ## - CATALOGING SOURCE
Original cataloging agency AR-UNSa-BCEJYS
Language of cataloging spa
Transcribing agency AR-UNSa-BCEJYS
080 ## - UNIVERSAL DECIMAL CLASSIFICATION NUMBER
Universal Decimal Classification number 336.226
Common auxiliary subdivision Tipos de impuestos. Impuestos directos e indirectos<br/>
020 ## - INTERNATIONAL STANDARD BOOK NUMBER
International Standard Book Number 987-1140-26-6
100 1# - MAIN ENTRY--PERSONAL NAME
Personal name Chalupowicz, Israel
245 10 - TITLE STATEMENT
Title Impuestos
264 #1 - PRODUCTION, PUBLICATION, DISTRIBUTION, MANUFACTURE, AND COPYRIGHT NOTICE
Place of production, publication, distribution, manufacture Buenos Aires :
Name of producer, publisher, distributor, manufacturer Osmar D. Buyatti
Date of production, publication, distribution, manufacture, or copyright notice 2005
300 ## - PHYSICAL DESCRIPTION
Extent 173 p.
Dimensions 22 cm.
505 ## - FORMATTED CONTENTS NOTE
Formatted contents note 1. Impuesto al valor agregado - 2. Impuesto a las ganancias - 3. Impuesto a la ganancia mínima presunta - 4. Impuesto sobre los bienes personales - 5. Procedimiento - 6. Código aduanero - 7. Régimen simplificado. Régimen para pequeños contribuyentes eventuales - 8. Impuestos internos - 9. Ley de prevención de la evasión fiscal - 10. Impuesto a las transacciones financieras
590 ## - LOCAL NOTE (RLIN)
Local note niveau_biblio:m niveau_hierar:0
856 41 - ELECTRONIC LOCATION AND ACCESS
Uniform Resource Identifier <a href="https://biblioeco.unsa.edu.ar/pmb/images/libros/Impuestos-l116435.jpg">https://biblioeco.unsa.edu.ar/pmb/images/libros/Impuestos-l116435.jpg</a>
Link text Imagen de portada
Electronic format type image/jpeg
942 ## - ADDED ENTRY ELEMENTS (KOHA)
Koha item type
Existencias
Withdrawn status Lost status Damaged status Not for loan Home library Current library Shelving location Date acquired Total checkouts Full call number Barcode Date last seen Price effective from Koha item type
        Biblioteca Prof. Eusebio Cleto del Rey Biblioteca Prof. Eusebio Cleto del Rey   07/04/2026   336.226 C436 L116435 07/04/2026 07/04/2026 Libro